<?xml version="1.0" encoding="UTF-8"?><?xml-stylesheet type="text/xsl" href="static/style.xsl"?><OAI-PMH xmlns="http://www.openarchives.org/OAI/2.0/" xmlns:xsi="http://www.w3.org/2001/XMLSchema-instance" xsi:schemaLocation="http://www.openarchives.org/OAI/2.0/ http://www.openarchives.org/OAI/2.0/OAI-PMH.xsd"><responseDate>2026-04-13T04:48:30Z</responseDate><request verb="GetRecord" identifier="oai:www.recercat.cat:10256/26703" metadataPrefix="marc">https://recercat.cat/oai/request</request><GetRecord><record><header><identifier>oai:recercat.cat:10256/26703</identifier><datestamp>2025-12-05T04:19:49Z</datestamp><setSpec>com_2072_452955</setSpec><setSpec>com_2072_2054</setSpec><setSpec>col_2072_453061</setSpec></header><metadata><record xmlns="http://www.loc.gov/MARC21/slim" xmlns:dcterms="http://purl.org/dc/terms/" xmlns:xsi="http://www.w3.org/2001/XMLSchema-instance" xmlns:doc="http://www.lyncode.com/xoai" xsi:schemaLocation="http://www.loc.gov/MARC21/slim http://www.loc.gov/standards/marcxml/schema/MARC21slim.xsd">
   <leader>00925njm 22002777a 4500</leader>
   <datafield ind2=" " ind1=" " tag="042">
      <subfield code="a">dc</subfield>
   </datafield>
   <datafield ind2=" " ind1=" " tag="720">
      <subfield code="a">Santos, Jonnathan D.</subfield>
      <subfield code="e">author</subfield>
   </datafield>
   <datafield ind2=" " ind1=" " tag="720">
      <subfield code="a">Fotouhi, Sakineh</subfield>
      <subfield code="e">author</subfield>
   </datafield>
   <datafield ind2=" " ind1=" " tag="720">
      <subfield code="a">Guerrero Garcia, José Manuel</subfield>
      <subfield code="e">author</subfield>
   </datafield>
   <datafield ind2=" " ind1=" " tag="720">
      <subfield code="a">Blanco Villaverde, Norbert</subfield>
      <subfield code="e">author</subfield>
   </datafield>
   <datafield ind2=" " ind1=" " tag="260">
      <subfield code="c">2025-10-10</subfield>
   </datafield>
   <datafield ind2=" " ind1=" " tag="520">
      <subfield code="a">There is a lack of knowledge concerning the interlaminar fracture toughness under mixed-mode ratios of 3D-printed composites. In this work, several additive manufacturing (AM) continuous Fiber Reinforced Thermoplastic (cFRT) specimens have been tested to characterize the initiation and propagation of interlaminar fracture toughness under three different mixed-mode GII/(GI + GII) ratios: 25, 50, and 75%. The results obtained do not exhibit the common tendency seen in traditional laminated composite materials, in which the fracture toughness increases with the mixed-mode ratio. While the fracture toughness for the 50% mixed-mode ratio falls between the corresponding mode I and mode II values, the fracture toughness for the 25% and 75% ratios falls outside this range. To provide a reasonable explanation, fractography and microstructure analyses were conducted to quantify fiber, matrix, and void contents. It was concluded that this uncommon behavior is probably related to the intrinsic variability of the material and manufacturing process</subfield>
   </datafield>
   <datafield ind2=" " ind1=" " tag="520">
      <subfield code="a">This research was funded by the Spanish Ministry of Science, Innovation and versities (MCIU), the Spanish Research Agency (AEI) and the European Regional Development Fund (FEDER, UE) (grant no. RTI2018-094435-B-C32 and PID2022-140343NB-100). José M. Guerrero would also like to acknowledge the funding of the post-doc grant Margarita Salas with reference (grant no. REQ2021_A_15) financed by the Spanish ‘Ministerio de Universidades’ and the European Union - Next GenerationEU. Jonnathan D. Santos acknowledges the support from the research group ATEI at Universidad Politécnica Salesiana and technical support from the research group AMADE at Universitat de Girona</subfield>
   </datafield>
   <datafield ind2=" " ind1=" " tag="520">
      <subfield code="a">Open Access funding provided thanks to the CRUE-CSIC agreement with Wiley</subfield>
   </datafield>
   <datafield tag="653" ind2=" " ind1=" ">
      <subfield code="a">Compostos termoplàstics</subfield>
   </datafield>
   <datafield tag="653" ind2=" " ind1=" ">
      <subfield code="a">Mecànica de fractura</subfield>
   </datafield>
   <datafield tag="653" ind2=" " ind1=" ">
      <subfield code="a">Impressió 3D</subfield>
   </datafield>
   <datafield tag="653" ind2=" " ind1=" ">
      <subfield code="a">Thermoplastic composites</subfield>
   </datafield>
   <datafield tag="653" ind2=" " ind1=" ">
      <subfield code="a">Fracture mechanics</subfield>
   </datafield>
   <datafield tag="653" ind2=" " ind1=" ">
      <subfield code="a">Three-dimensional printing</subfield>
   </datafield>
   <datafield ind2="0" ind1="0" tag="245">
      <subfield code="a">Characterization of the mixed-mode interlaminar fracture toughness of an additive manufacturing continuous carbon fiber reinforced-thermoplastic composite</subfield>
   </datafield>
</record></metadata></record></GetRecord></OAI-PMH>